Pet Avengers Owners - Statistics

General Stats
  • This quiz has been taken 10 times
  • The average score is 5 of 7
Answer Stats
Pet Avenger Owner/Counterpart % Correct
Lockjaw Black Bolt
100%
Redwing Falcon
100%
Throg Thor
100%
Lockheed Kitty Pryde
78%
Zabu Ka-Zar
67%
Hairball Speedball
44%
Ms. Lion Spider-Man / Aunt May/ Firestar
44%
No matching quizzes found
Score Distribution
Percent of People with Each Score
Percentile by Number Answered
Your Score History
You have not taken this quiz